000 00494nam a2200193Ia 4500
005 20250326141643.0
008 250326s9999 xx 000 0 und d
037 _aTextbook
040 _aFMSL
_beng
_cFMSL
041 _aeng
_2eng
084 _qFMSL
100 _aDesai Vasant
245 0 _aManagement of small-Scale Industries
_cDesai Vasant
250 _a4th
260 _aBombay
_bBombay, Himalaya Pub. House
_c1989
300 _a639p
942 _cTB
999 _c1291325
_d1291325